| 000 | 00666nam a2200205Ia 4500 | ||
|---|---|---|---|
| 003 | GCL | ||
| 008 | 140319s9999 xx 000 0 ara d | ||
| 040 |
_aGCL / _cGCL |
||
| 082 | 0 | 4 |
_a658.453 _bم ك |
| 100 | 1 | _aمحمد الحديدى | |
| 245 | 1 | 0 |
_aكتابة التقارير فى الصناعة والاعمال / _cمحمد الحديدى |
| 260 |
_a[S.N] : _bالخبراء العرب فى الهندسة والادارة ، _c1989 |
||
| 300 | _a318 ص | ||
| 490 | _a | ||
| 650 | 0 | 4 | _aالصناعة |
| 650 | 0 | 4 | _aالتقارير الفنية |
| 650 | 0 | 4 | _aالادارة العلمية |
| 650 | 0 | 4 | _aالتقارير العلمية |
| 942 |
_2ddc _cBK |
||
| 999 |
_c32381 _d32381 |
||